| 000 | 00569nam a2200217Ia 4500 | ||
|---|---|---|---|
| 999 |
_c66950 _d66950 |
||
| 003 | 0100 | ||
| 005 | 20170405092043.0 | ||
| 008 | 130303s9999 xx 000 0 und d | ||
| 020 | _a09780823228089 | ||
| 040 | _cARRUPELIB | ||
| 050 | _aBX4705.L7133F56 2007 | ||
| 100 |
_aBosco, Mark _929646 |
||
| 245 | _aFinding God in all things | ||
| 245 | _bcelebrating Bernard Lonergan, John Courtney Murray and Karl Rahner | ||
| 260 | _aNew York | ||
| 260 | _bFordham University Press | ||
| 300 | _avi | ||
| 300 | _b 221p. 24cm. | ||
| 600 |
_aLonergan, Bernard J.F. _929647 |
||
| 600 |
_aMurray, John Courtney _921025 |
||
| 600 |
_aRahner, Karl _y1904-1984 _929648 |
||
| 650 |
_bCatholic Church _xDoctrines _xHistory _y20th century _929649 |
||
| 650 |
_bTheology _xDoctrinal _xHistory _y20th century _92157 |
||
| 942 |
_2lcc _cMONOGRAPH |
||